OPAC Home

මජ්ඣිම නිකාය (Record no. 103653)

MARC details
000 -LEADER
fixed length control field 00510nam a2200193Ia 4500
003 - CONTROL NUMBER IDENTIFIER
control field LK-CoDNM
005 - DATE AND TIME OF LATEST TRANSACTION
control field 20240322111827.0
008 - FIXED-LENGTH DATA ELEMENTS--GENERAL INFORMATION
fixed length control field 010623t1954 xxu||||| |||| 00| 1 Pali d
040 ## - CATALOGING SOURCE
Original cataloging agency LK-CoDNM
Modifying agency LK-CoDNM
Description conventions LK-CoDNM
041 ## - LANGUAGE CODE
Language code of text/sound track or separate title
-- Sinhala; Sinhalese
080 ## - UNIVERSAL DECIMAL CLASSIFICATION NUMBER
Universal Decimal Classification number ක 6
942 ## - ADDED ENTRY ELEMENTS (KOHA)
Koha item type Books
100 ## - MAIN ENTRY--PERSONAL NAME
Personal name De Zoysa,A.P
245 ## - TITLE STATEMENT
Title මජ්ඣිම නිකාය
246 ## - VARYING FORM OF TITLE
Title proper/short title Majjima Nikaaya
260 ## - PUBLICATION, DISTRIBUTION, ETC. (IMPRINT)
Name of publisher, distributor, etc. Dharma Samaya Press
Place of publication, distribution, etc. Colombo
Date of publication, distribution, etc. 1954
300 ## - PHYSICAL DESCRIPTION
Other physical details Damaged
Extent XV,379p.,18 cm
650 ## - SUBJECT ADDED ENTRY--TOPICAL TERM
Topical term or geographic name as entry element Sinhala Tripitaka
Holdings
Withdrawn status Lost status Damaged status Not for loan Collection code Permanent Location Current Location Date acquired Full call number Barcode Koha item type
        Monographs Library National Museum Colombo - Sri Lanka Library National Museum Colombo - Sri Lanka 2023-08-02 ක6 OB2105 Books
Copyright © 2023 Department of National Museum, Colombo 07, Sri Lanka Funded by UNESCO IFAP UNESCO